| Поле | Инд. | ПП | Название | Значение |
|---|---|---|---|---|
| Тип записи | a | |||
| Библиографический уровень | b | |||
| 001 | Контрольный номер | RU/IS/BASE/222362215 | ||
| 005 | Дата корректировки | 20200713214747.0 | ||
| 008 | Кодируемые данные | 20070117 | ||
| 040 | b | Код языка каталог. | rus | |
| e | Правила каталог. | PSBO | ||
| 041 | 0_ | a | Код языка текста | rus |
| 084 | a | Индекс другой классификации/Индекс ББК | 74.041(2Рос); 65.497.4(2Рос); 65.261.551(2Рос) | |
| 100 | 1_ | a | Автор | Пепеляева Л. В. |
| q | Полное имя | Пепеляева Лариса Витальевна | ||
| 245 | 10 | a | Заглавие | Национальный проект "Образование": финансовые аспекты |
| 500 | 10 | a | Примечание | Стат. дан. в тексте |
| 504 | a | Библиография | Лит. | |
| 520 | 0_ | a | Аннотация | В статье содержатся сведения о ходе реализации финансирования национального проекта "Образование" в 2005 - 2006 гг. по пяти направлениям и о планируемых мерах финансирования |
| 650 | 04 | a | Основная рубрика | государственные финансы |
| a | Основная рубрика | образование | ||
| a | Основная рубрика | финансы | ||
| a | Основная рубрика | экономика | ||
| a | Основная рубрика | экономика образования | ||
| a | Основная рубрика | экономика социально-культурной сферы | ||
| 653 | 1_ | a | Ключевые слова | государственное финансирование |
| a | Ключевые слова | национальные проекты | ||
| a | Ключевые слова | реформирование системы образования | ||
| a | Ключевые слова | Россия | ||
| a | Ключевые слова | финансирование образования | ||
| 773 | 0_ | t | Заглавие источника | Высшее образование сегодня |
| d | Дата издания источника | 2006 | ||
| g | Прочая информация | № 12. - С. 4 - 8 | ||
| w | Контрольный № источника | RU/IS/BASE/222192304 | ||
| 901 | t | Тип документа | b |